Management ethics : Integrity at work
Αποθηκεύτηκε σε:
| Κύριος συγγραφέας: | |
|---|---|
| Άλλοι συγγραφείς: | |
| Μορφή: | Βιβλίο |
| Γλώσσα: | English |
| Δημοσίευση: |
Thousand Oaks :
Sage publications, Inc.,
1997
|
| Σειρά: | Sage series in business ethics
|
| Θέματα: | |
| Ετικέτες: |
Προσθήκη ετικέτας
Δεν υπάρχουν, Καταχωρήστε ετικέτα πρώτοι!
|
MARC
| LEADER | 00000nam a2200000 i 4500 | ||
|---|---|---|---|
| 001 | 1/61982 | ||
| 008 | 980612s1997 eng d | ||
| 020 | |a 0803957971 | ||
| 035 | |l 10028992 | ||
| 040 | |a GR-MY-UA |b gre |e aacr | ||
| 041 | 0 | |a eng | |
| 082 | 0 | |a 174.4 | |
| 100 | 1 | |a Petrick, Joseph A. | |
| 245 | 1 | 0 | |a Management ethics : |b Integrity at work / |c Joseph A. Petrick and John F. Quinn |
| 260 | |a Thousand Oaks : |b Sage publications, Inc., |c 1997 | ||
| 490 | 1 | |a Sage series in business ethics | |
| 504 | |a Includes bibliography and index | ||
| 650 | 0 | 0 | |a Business ethics. |
| 650 | 0 | 0 | |a Management |x Moral and ethical aspects. |
| 650 | 0 | 0 | |a Business ethics |x Case studies. |
| 650 | 0 | 0 | |a Management |x Moral and ethical aspects |x Case studies. |
| 700 | 1 | |a Quinn, J. F. |q (John F.) | |
| 830 | 0 | |a Sage series in business ethics | |
| 852 | |a INST |b CHIOS |e 19980612 |h 174.4 PET |p 005200016180 |q 005200016180 |t BK |y 0 | ||
| 901 | |a BIBL-1998-2 | ||
| 909 | |a Χ |b 057369 | ||
| 922 | |a 2ΕΛΗ |b 199805 |c ΤΔΕ |d ΠΑΠΑΣΩΤΗΡΙΟΥ | ||